00821 2200265 4500001002100000005001500021035002000036007000300056008004100059020002200100082000800122084001400130100001600144245017200160250001000332260004200342300002300384650002600407700001800433700001800451700002200469500004200491990001100533990001100544INLIS00000000000440820201014113637 a0010-1119000035ta201014 g 0 ind  a978-602-17857-5-1 a150 a150 HAR t0 aHARP, David1 aThree Minute Meditator :b30 cara menenangkan pikiran dan mengasuh kecerdasan emosi /cDavid Harp, Nina Feldman; penerjemah, Laila Qadria; penyunting, Zulkarnaen Ishak acet.2 aYogyakarta :bBright Publisher,c2017 a175 hlm. ;c21 cm. 4aPSIKOLOGI. KECERDASAN0 aNINA, Feldman0 aLAILA, Qadria0 aZULKARNAEN, Ishak ajudul asli: The Three Minute Mediator a7104 a a7104 b